00298nam a2200121Ia 4500008004100000100001400041245004200055260003500097300000900132650001300141942000700154999001500161190216s9999||||xx |||||||||||||| ||und|| aHooda R P 0aStatistics For Business And Economics bMac Millian And Com. Ltdc1994 a715p aCommerce cBK c5900d5900